书目信息 |
| 题名: |
今日天涯若比邻:著名科学家谈信息科学
|
|
| 作者: | 严怡民 著 | |
| 分册: | ||
| 出版信息: | 桂林 广西师范大学出版社 1999.01 |
|
| 页数: | 94页 | |
| 开本: | 32开 | |
| 丛书名: | ||
| 单 册: | ||
| 中图分类: | G2-49 | |
| 科图分类: | ||
| 主题词: | 信息 , 知识--传播 | |
| 电子资源: | ||
| ISBN: | 7-5633-2786-X | |
| 000 | 00620nam0 2200205 45 | |
| 001 | 0103261146 | |
| 005 | 20010326111952.1 | |
| 010 | @a7-5633-2786-X@d9.00元 | |
| 100 | @a20010326d1999 km y0chiy0120 ea | |
| 101 | 0 | @achi |
| 105 | @a z 000yy | |
| 200 | 1 | @a今日天涯若比邻:著名科学家谈信息科学@AJin Ri Tian Ya Ruo Bi Lin:Zhu Ming Ke Xue Jia Tan Xin Xi Ke Xue@f严怡民著@FYan Yi Min Zhu |
| 210 | @a桂林@c广西师范大学出版社@d1999.01 | |
| 215 | @a94页@d32开 | |
| 606 | 0 | @a信息 |
| 606 | 0 | @a知识@x传播 |
| 690 | @aG2-49@v3 | |
| 701 | 0 | @a严怡民@4著 |
| 801 | @aCN@bPftUser@c20010326 | |
| 905 | @b332689-692@dG2-49@eY543@f4 | |
| 今日天涯若比邻:著名科学家谈信息科学/严怡民著.-桂林:广西师范大学出版社,1999.01 |
| 94页;32开 |
| ISBN 7-5633-2786-X:9.00元 |
| ● |
| 相关链接 |
|
|
|
正题名:今日天涯若比邻:著名科学家谈信息科学
索取号:G2-49/Y543
 
预约/预借
| 序号 | 登录号 | 条形码 | 馆藏地/架位号 | 状态 | 备注 |
| 1 | 332689 | 203326891 | 社科二线422/409社科库 56排6列1层/ [索取号:G2-49/Y543] | 在馆 | |
| 2 | 332690 | 203326908 | 社科库409/409社科库 56排6列1层/ [索取号:G2-49/Y543] | 在馆 | |
| 3 | 332691 | 203326917 | 社科二线422/409社科库 56排6列1层/ [索取号:G2-49/Y543] | 在馆 | |
| 4 | 332692 | 203326926 | 社科库409/409社科库 56排6列1层/ [索取号:G2-49/Y543] | 在馆 |